|
|
|
|
| LEADER |
007100000a22002290004500 |
| 020 |
|
|
|a 0471-07875-1
|
| 082 |
|
|
|a 548.5 M8;1
|
| 100 |
|
|
|a McGhie, Andrew R; Adapter
|
| 100 |
|
|
|a Sloan, Gilbert J; Author
|
| 245 |
|
|
|a Techniques of melt crystallization
|
| 260 |
|
|
|a New York, John Wiley & Sons, Inc
|
| 260 |
|
|
|c 1988
|
| 460 |
|
|
|a xi,532p
|
| 465 |
|
|
|a D 85
|
| 490 |
|
|
|a Techniques of chemistry
|c 19
|
| 500 |
|
|
|a Gilbert J Sloan and Andrew R McGhie
|
| 500 |
|
|
|a Includes index
|
| 650 |
|
|
|a Crystal growth
|
| 650 |
|
|
|a Crystallization
|
| 942 |
|
|
|c BK
|
| 999 |
|
|
|c 4761
|d 4761
|
| 952 |
|
|
|0 0
|1 0
|4 0
|6 548_500000000000000_M81
|7 0
|8 ENG
|9 4553
|a MGUL
|b MGUL
|d 2013-07-16
|e D 85
|l 0
|o 548.5 M8;1
|p 02133
|r 2013-07-16
|w 2013-07-16
|y BK
|